000 00623nam a22002057a 4500
005 20251108172002.0
008 250721s1978 xx 000 0 ara d
082 1 4 _a811.109/جور
100 1 _aغريب، جورج
245 1 0 _aالجاهلية أدب و فن و تاريخ /
250 _aط3
264 1 _aبيروت :
_bدار الثقافة،
_c1978.
300 _a94ص
490 0 _aسلسلة الموسوعة في الأدب العربي ؛ 14
650 1 7 _aالشعر الجاهلي
650 1 7 _aالتاريخ الأدبي
650 1 7 _aالنقد الأدبي
942 _2ddc
_cBK
999 _c67584
_d67584